Organización y control de obra : modelos para administrar la obra arquitectónica /

Manual práctico de administración de obras, que presenta diversas plantillas de trabajo para el control administrativo de la construcción, desde los tratos preliminares con el cliente, hasta la entrega de la edificación. Estas plantillas permiten realizar un historial completo de los procesos constr...

Täydet tiedot

Tallennettuna:
Bibliografiset tiedot
Päätekijä: Valtierra Solares, Alberto (autor)
Aineistotyyppi: Kirja
Kieli:espanja
Julkaistu: México : Trillas, 2014, c2014
Aiheet:
Tagit: Lisää tagi
Ei tageja, Lisää ensimmäinen tagi!

MARC

LEADER 00000nam^a2200000^a^4500
001 000410238
005 20250521000000.0
009 20260310122042.674
020 |a 978-607-17-1605-7 
037 |a Acervo ITESO - Biblioteca 
041 |a ESP 
082 |a 624. 0685  |b VAL 
100 |a Valtierra Solares, Alberto  |e (autor) 
245 1 0 |a Organización y control de obra :  |b modelos para administrar la obra arquitectónica /  |c A. Valtierra Solares. 
264 4 |a México :  |b Trillas,  |c 2014, c2014 
300 |a 151 p. 
336 |a texto  |b txt  |2 rdacontenido 
337 |a sin mediación  |b n  |2 rdamedio 
338 |a volumen  |b nc  |2 rdasoporte 
520 |a Manual práctico de administración de obras, que presenta diversas plantillas de trabajo para el control administrativo de la construcción, desde los tratos preliminares con el cliente, hasta la entrega de la edificación. Estas plantillas permiten realizar un historial completo de los procesos constructivos, del estatus de trámites y permisos y de los tiempos necesarios para cada etapa. 
521 |a FIL 2018 DIA 
649 |a XX 
650 |a Inspección de Obras 
650 |a Administración de Proyectos -  |x Ruta Crítica 
650 |a Administración de Obras -  |x Tema Principal 
650 |a Construcción -  |x Administración 
650 |a Ingeniería Civil 
910 |a Fondo General 
920 |a Impresos - Libros 
930 |a Colección General 
905 |a 101 
901 |a 0500312398  |b IT1  |c ACC  |i C164603  |u 20250521 
902 |a https://opac.biblio.iteso.mx/vufind/Record/000410238